| Tag |
First Indicator |
Second Indicator |
Subfields |
| LEADER |
00000aam a2200000Ia 4500 |
| 001 |
in00002382621 |
| 005 |
20151109073400.0 |
| 008 |
080328s2007 txuab b s000 0 eng d |
| 035 |
|
|
|a (OCoLC)ocn214333696
|
| 035 |
|
|
|a (OCoLC)214333696
|
| 040 |
|
|
|a IKM
|c IKM
|d TWT
|d TXA
|d UtOrBLW
|
| 043 |
|
|
|a n-us-tx
|
| 049 |
|
|
|a TXAM
|
| 086 |
|
|
|a A1900.7 P422 NO.3983
|2 txdocs
|
| 090 |
|
|
|a F392.H56
|b P46 2007
|
| 100 |
1 |
|
|a Penman, John T.
|
| 245 |
1 |
3 |
|a An intensive cultural resources survey of proposed improvements for Farm-to-Market Road 3461, Hidalgo County, Texas /
|c by John T. Penman; principal investigator, Scott A. Sundermeyer.
|
| 264 |
|
1 |
|a Dallas, Tex. :
|b LOPEZGARCIA GROUP,
|c [2007]
|
| 300 |
|
|
|a 8 leaves :
|b color illustrations, color maps ;
|c 28 cm.
|
| 336 |
|
|
|a text
|b txt
|2 rdacontent
|
| 337 |
|
|
|a unmediated
|b n
|2 rdamedia
|
| 338 |
|
|
|a volume
|b nc
|2 rdacarrier
|
| 500 |
|
|
|a "Prepared for: S & B Infrastructure, Ltd., 5408 North 10th Street, McAllen, Texas 78504."
|
| 500 |
|
|
|a "June 2007."
|
| 500 |
|
|
|a "Miscellaneous reports, report of investigations number 35."
|
| 500 |
|
|
|a "Texas Antiquities [Committee] permit number 3983."
|
| 500 |
|
|
|a "LOPEZGARCIA GROUP project number 205106.02 ; TxDOT CSJ number 1802-02-008."
|
| 504 |
|
|
|a Includes bibliographical references (leaves 7-8).
|
| 650 |
|
0 |
|a Archaeological surveying
|z Texas
|z Hidalgo County.
|
| 650 |
|
0 |
|a Excavations (Archaeology)
|z Texas
|z Hidalgo County.
|
| 651 |
|
0 |
|a Hidalgo County (Tex.)
|x Antiquities.
|
| 700 |
1 |
|
|a Sundermeyer, Scott A.
|
| 710 |
2 |
|
|a Texas Antiquities Committee.
|
| 994 |
|
|
|a C0
|b TXA
|
| 948 |
|
|
|a cataloged
|b h
|c 20080630
|d c
|e jhennen
|
| 999 |
|
|
|a MARS
|
| 999 |
f |
f |
|s 46e23366-f63d-3178-944b-4bf8873a77bd
|i 44e45bed-9dfa-3662-84ef-27c7a05b0bd3
|t 0
|
| 952 |
f |
f |
|p ric
|a Texas A&M University
|b Rellis Campus
|c Joint Library Facility
|d Remote Storage
|t 0
|e F392.H56 P46 2007
|h Library of Congress classification
|i unmediated -- volume
|m A14836093923
|
| 998 |
f |
f |
|a F392.H56 P46 2007
|t 0
|l Remote Storage
|